000 01153nam a2200301 i 4500
003 CO-ViMGA
005 20230915224422.0
008 201215s2020 ck a br 000 0 spa d
020 _a9789585161085
040 _aCO-ViMGA
_bspa
_cCO-ViMGA
041 1 _hdut
084 _aC HOP3
100 1 _aHopman, Philip
_d1961-
_eautor
_9168093
245 1 1 _a¡Date una vuelta en bici!
_cPhilip Hopman ilustraciones & Joukje Akveld texto ; traduccion de Mariona Vilalta
250 _aEdicion especial
260 _aBogota :
_bLoqueleo, Distribuidora y editora Richmond,
_c2020
300 _a[30] paginas
_bilustraciones
_c32 cm
490 0 _aPlan Nacional de Lectura y Escritura Leer es mi Cuento / Ministerio de Cultura
534 _tGa toch fietsen!
650 1 7 _2LEMB
_aAutores holandeses
_ySiglo XX
_9168094
650 1 7 _2LEMB
_aBicicletas
_vCuentos
_9168083
650 1 7 _2LEMB
_aCuentos infantiles holandeses
_ySiglo XX
_916814
650 1 7 _2LEMB
_aLiteratura infantil holandesa
_ySiglo XX
_9525
650 1 7 _2LEMB
_aViajes
_vCuentos
_95243
700 1 _aAkveld, Joukje
_d1974-
_eautor
_9168095
700 1 _aVilalta, Mariona
_etraductora
_9132169
942 _cBK
999 _c9151
_d9151